书目信息 |
| 题名: |
爱因斯坦传
|
|
| 作者: | 弗尔辛 著 | |
| 分册: | ||
| 出版信息: | 长春 时代文艺出版社 |
|
| 页数: | 766页 | |
| 开本: | 20cm | |
| 丛书名: | ||
| 单 册: | ||
| 中图分类: | K837.126.1 | |
| 科图分类: | ||
| 主题词: | 人物--传记--德国 | |
| 电子资源: | ||
| ISBN: | ||
| 000 | 00550nam0 2200205 450 | |
| 001 | 0638737280 | |
| 005 | 20060315104910.50 | |
| 100 | @a20060315d km y0chiy0120 ea | |
| 101 | 0 | @achi@ceng |
| 102 | @aCN@b220000 | |
| 200 | 1 | @a爱因斯坦传@Aai yin si tan chuan@f(美)A·弗尔辛著@F(mei)A·fu er xin zhu |
| 210 | @a长春@c时代文艺出版社 | |
| 215 | @a766页@d20cm | |
| 600 | @a | |
| 600 | @0 爱因斯坦 | |
| 606 | 0 | @a人物@x传记@y德国 |
| 690 | @aK837.126.1@v4 | |
| 701 | 0 | @a弗尔辛@Afu er xin@4著 |
| 801 | 0 | @aCN@bPFT@c20060315 |
| 905 | @a10447@dK837.126.1@e211FE | |
| 爱因斯坦传/(美)A·弗尔辛著.-长春:时代文艺出版社 |
| 766页;20cm |
| ISBN : |
| ● |
| 相关链接 |
|
|
|
|
正题名:爱因斯坦传
索取号:K837.126.1/211FE
 
预约/预借
| 序号 | 登录号 | 条形码 | 馆藏地/架位号 | 状态 | 备注 |
| 1 | 0349552 | 203495529 | 第二样本阅览室/ [索取号:K837.126.1/211FE] | 在馆 |